Personnalités politiques françaises n°16 - Statistiques

Statistiques générales
  • Ce quiz a été pris 251 fois
  • Le résultat moyen est 6 sur 20
Statistiques - réponses
Par images Réponse % Correct
Sébastien Delogu
89%
David Guiraud
66%
Jean-Noël Barrot
62%
Guillaume Kasbarian
56%
Didier Migaud
36%
Annie Genevard
35%
Maud Bregeon
35%
Antoine Armand
34%
Anne Genetet
28%
Naïma Moutchou
27%
Othman Nasrou
23%
Astrid Panosyan-Bouvet
15%
Estelle Youssouffa
12%
Johanna Rolland
10%
Stéphane Peu
9%
Julien Sanchez
8%
Ali Rabeh
7%
Antoine Waechter
7%
Marylise Lebranchu
7%
Gilles Pennelle
2%
Aucun quiz correspondant
Distribution des résultats
% des personnes avec chaque résultat
Percentile par nombre de réponses
Votre historique - résultats
Vous n’avez pas pris ce quiz